| 000 | 00906nam a2200229 a 4500 | ||
|---|---|---|---|
| 001 | 000235684 | ||
| 003 | AM-YeHGA | ||
| 005 | 20250618071605.0 | ||
| 008 | 030617s1986 ai |||||r|||||||||1|arm|d | ||
| 040 | _aAM-YeHGA | ||
| 041 | 1 |
_aarm _hger |
|
| 100 | 1 |
_aՄան, Թոմաս, _d1875-1955 _96865 |
|
| 245 | 1 | 0 |
_aԲուդենբրոոկներ : _bՄի ընտանիքի անկումը : Վեպ / _cԹ. Ման ; Թարգմ. գերմ. և վերջաբ.՝ Հ. Մովսես ; Խմբ.՝ Գ.Գ. Հովսեփյան. |
| 260 |
_aԵրևան : _bՍովետական գրող, _c1986. |
||
| 300 |
_a700 էջ ; _c21 սմ. |
||
| 500 | _aՏողատ. ծանոթագր. | ||
| 650 | 1 | 4 |
_aԳերմանական գրականություն _xՎեպ |
| 700 | 0 |
_aՀակոբ Մովսես, _d1952- _eթարգմ. _4trl _eվերջաբ. _4aft _91354 |
|
| 700 | 1 |
_aՀովսեփյան, Գ.Գ. _eխմբ. _4edt |
|
| 942 |
_2udc _cBK |
||
| 090 | _c84569 | ||
| 999 |
_c83294 _d83294 |
||